000 00616 a2200169 4500
020 _a0691102503
020 _a9780691102504
082 0 4 _a530
090 _c849
_d849
100 1 _aEinstein, Albert.
245 1 4 _aThe collected papers of albert einstein.
_nVolume 3 :
_bthe swiss years :
_bwritings, 1909-1911 /
_cAlbert Einstein, Anna Beck.
260 _a[S.l.] :
_bPrinceton University Press,
_c1993
300 _a447 p. ;
_c25 cm.
700 1 _aBeck, Anna.
942 _aSNS
_cBK
_k530 BEC
999 _c29473
_d29473